000 00277nam a2200133Ia 4500
100 _aGiles/R.V
942 _cBK
654 _aFluid
245 _aFluid Mechanics & Hydraulies
260 _bMcGraw Hill
_aNew Delhi
_c1983
082 _a532
300 _a275
546 _aENGLISH
999 _c31822
_d31822